Представление документа в формате RUSMARC

ПолеНазваниеЗначение
  Тип записи a
  Библиографический уровень m
001 Контрольный номер Book/13646
005 Дата корректировки 20221129235140.1
010 Индекс ISBN __
a ISBN 978-5-7793-0746-8
b Уточнения в пер.
9 Тираж 4 000 экз.
d Цена 229 р.
090 Данные записи __
a Состояние записи 67.401
b Тип записи Книги
c Язык записи Русский
d Отрасль знаний (КСУ) Другая
e Секретность Несекретно
g Вид записи Монография (однотомник)
x Дата передачи записи для обработки И75
100 Данные общей обработки __
a Данные общей обработки 20111117d2013 u u 1rusy ||||ca
101 Язык документа 0_
a Язык текста rus
105 Кодированные данные (монография) __
a Кодированные данные (монография) a z 000yy
200 Заглавие и сведения об ответственности 1_
a Заглавие Ордена и награды
f Первые сведения об ответственности С. Н. Ионин
210 Выходные данные 1_
a Место издания Москва
c Издательство Белый город
d Дата издания 2008
215 Физическое описание __
a Объем 48 с.
c Иллюстрации/тип воспроизводства ил.
225 Серия 1_
a Серия История России
686 Индексы других классификаций __
a Классификационный индекс 67.401
2 Код системы rubbk
700 Автор _1
a Фамилия Ионин
b Имя (инициалы) С. Н.
801 Источник записи _0
a Страна RU
b Организация МБУК ЦБС г. Ульяновска
c Дата составления 20111117
801 Источник записи _1
a Страна RU
b Организация МБУК ЦБС г. Ульяновска
c Дата составления 20111117
899 Данные о местонахождении __
3 Книга № 28599
a Местонахождение ЦГБ
d Название фонда Инв.книга №1
q Состояние Свободно
x Инвентарный номер 127045
899 Данные о местонахождении __
3 Книга № 28600
a Местонахождение 4 ф
d Название фонда Инв.книга №1
h Классификационная часть РШ 67.401
i Авторский знак И75
q Состояние Свободно
x Инвентарный номер 127045